| 000 | 00350 a2200157 4500 | ||
|---|---|---|---|
| 001 | 151262 | ||
| 040 | _cEscola São Tomás de Aquino | ||
| 100 | _aSANTOS, Joel Rufino dos | ||
| 240 | 1 | 0 |
_aA botija de ouro _lpor |
| 245 | 1 | 0 | _aA botija de ouro |
| 300 | _a32 | ||
| 362 | 0 | _a1984 | |
| 440 | 1 | _aÁtica | |
| 697 | _a*LITERATURA INFANTO | ||
| 942 | _cBK | ||
| 999 |
_c151262 _d151262 |
||